Age of Jackson (Record no. 415081)

000 -LEADER
fixed length control field 00391cam a22001217a 4500
008 - FIXED-LENGTH DATA ELEMENTS--GENERAL INFORMATION
fixed length control field 180718b1945 xxu||||| |||| 00| 0 eng d
082 ## - DEWEY DECIMAL CLASSIFICATION NUMBER
Classification number A99 J132/ Seh34
100 ## - MAIN ENTRY--PERSONAL NAME
Personal name Schlesinger,M.
245 ## - TITLE STATEMENT
Title Age of Jackson
Statement of responsibility, etc. by M. Schlessinger
260 ## - PUBLICATION, DISTRIBUTION, ETC.
Place of publication, distribution, etc. Bostan
Name of publisher, distributor, etc. New American Libraray
Date of publication, distribution, etc. 1945
300 ## - PHYSICAL DESCRIPTION
Extent 192p
650 ## - SUBJECT ADDED ENTRY--TOPICAL TERM
Topical term or geographic name entry element Jackson, Andrew, 1767-1845. United States -Politics and government -1829-1837.
Holdings
Withdrawn status Lost status Damaged status Not for loan Permanent Location Current Location Date acquired Full call number Barcode Date last seen Price effective from Koha item type
        Indian Institute of Public Administration Indian Institute of Public Administration 2009-03-02 A99 J132/ Seh34 6477 2018-07-21 2018-07-21 Book

Powered by Koha